[Event "IECC CL7-2005.18 email"]
[Site "IECC email"]
[Date "2005.12.03"]
[Round "?"]
[White "Certoux, Christophe"]
[Black "Galanti, Sergio"]
[Result "1-0"]
[WhiteElo "1243"]
[BlackElo "1133"]
[PlyCount "73"]
[EventDate "2005.??.??"]
[EventType "tourn (corr)"]
[EventRounds "4"]
[SourceTitle "Corr 2020"]
[Source "ChessBase"]
[SourceDate "2019.09.30"]
[SourceVersion "1"]
[SourceVersionDate "2019.09.30"]
[SourceQuality "1"]
[WhiteTeam "France"]
[BlackTeam "Switzerland"]
[WhiteTeamCountry "FRA"]
[BlackTeamCountry "SUI"]

1. d4 e5 2. dxe5 Nc6 3. f4 f6 4. Nf3 d5 5. exd6 Bxd6 6. a3 Bf5 7. e3 Qd7 8. Nd4 0-0-0 9. Nxf5 Qxf5 10. Bd3 Qd7 11. b3 Re8 12. e4 f5 13. e5 Nxe5 14. fxe5 Bxe5 15. Ra2 Bg3+ 16. Kd2 Bf4+ 17. Kc3 Qc6+ 18. Kb2 Be5+ 19. c3 Qxg2+ 20. Ka1 Qh3 21. Re1 Nf6 22. Re3 Bxc3+ 23. Nxc3 Rxe3 24. Bxf5+ Qxf5 25. Bxe3 Rd8 26. Rd2 Rxd2 27. Qxd2 Qf1+ 28. Kb2 a6 29. Bd4 b6 30. Qg5 Ne8 31. Qg4+ Kb8 32. Qd7 Qe1 33. Qd8+ Ka7 34. Qg5 h6 35. Qf4 g5 36. Qe3 Qxe3 37. Bxe3 1-0

[Event "IECC CL7-2005.16 email"]
[Site "IECC email"]
[Date "2005.11.03"]
[Round "?"]
[White "Galanti, Sergio"]
[Black "Certoux, Christophe"]
[Result "0-1"]
[WhiteElo "1146"]
[BlackElo "1230"]
[PlyCount "100"]
[EventDate "2005.??.??"]
[EventType "tourn (corr)"]
[EventRounds "4"]
[SourceTitle "Corr 2020"]
[Source "ChessBase"]
[SourceDate "2019.09.30"]
[SourceVersion "1"]
[SourceVersionDate "2019.09.30"]
[SourceQuality "1"]
[WhiteTeam "Switzerland"]
[BlackTeam "France"]
[WhiteTeamCountry "SUI"]
[BlackTeamCountry "FRA"]

1. e4 Nc6 2. Nf3 e5 3. Bb5 a6 4. Bxc6 dxc6 5. 0-0 f6 6. d4 Bg4 7. h3 Bxf3 8. Qxf3 Qxd4 9. Rd1 Qc4 10. Qd3 Qxd3 11. Rxd3 Bc5 12. Nc3 Ne7 13. Be3 Bxe3 14. fxe3 Rd8 15. Rxd8+ Kxd8 16. Rd1+ Kc8 17. Kh1 Rd8 18. Rxd8+ Kxd8 19. Kg1 Nc8 20. Kf2 Nd6 21. Ke2 c5 22. Kd3 a5 23. Nd1 c4+ 24. Kc3 b5 25. Nf2 h5 26. Kd2 c5 27. c3 Ke7 28. Ke2 a4 29. a3 b4 30. Kd2 Nb5 31. Nd1 bxa3 32. bxa3 Nxa3 33. Nb2 Nb1+ 34. Kc2 Nd2 35. Nxa4 Nxe4 36. Nb2 Nd6 37. Na4 Nf5 38. Kd2 Nh4 39. g3 Nf3+ 40. Kd1 Ng5 41. Nxc5 Kd6 42. h4 Kxc5 43. hxg5 fxg5 44. Ke2 Kb5 45. Kf3 Ka4 46. Ke4 h4 47. gxh4 gxh4 48. Kf3 Kb3 49. Kg4 Kxc3 50. Kxh4 Kd3 0-1

[Event "IECC CL7-2004.05 email"]
[Site "IECC email"]
[Date "2004.03.22"]
[Round "?"]
[White "Certoux, Christophe"]
[Black "Ramieri, Paolo"]
[Result "1-0"]
[WhiteElo "1178"]
[BlackElo "1025"]
[PlyCount "55"]
[EventDate "2004.??.??"]
[EventType "tourn (corr)"]
[EventRounds "4"]
[SourceTitle "Corr 2008"]
[Source "ChessBase"]
[SourceDate "2008.06.24"]
[SourceVersion "1"]
[SourceVersionDate "2008.06.24"]
[SourceQuality "1"]

1. d4 Nf6 2. Nc3 e6 3. e4 d5 4. Bg5 Be7 5. e5 Nfd7 6. Bxe7 Qxe7 7. f4 0-0 8. Bd3 a6 9. Qh5 g6 10. Qh6 Nc6 11. Nf3 Nb4 12. Ng5 Nxd3+ 13. cxd3 f6 14. exf6 Nxf6 15. 0-0 Qb4 16. Ne2 Qxb2 17. Rfe1 Qd2 18. Rac1 Bd7 19. Nf3 Qe3+ 20. Kf1 Ng4 21. Qh4 h5 22. h3 Nf6 23. Rc3 Bb5 24. Nc1 Qxe1+ 25. Qxe1 Bd7 26. Qg3 Be8 27. Rxc7 b5 28. Ne5 1-0

[Event "IECC CL7-2004.05 email"]
[Site "IECC email"]
[Date "2004.03.22"]
[Round "?"]
[White "Hunter, David"]
[Black "Certoux, Christophe"]
[Result "0-1"]
[WhiteElo "1106"]
[BlackElo "1164"]
[PlyCount "42"]
[EventDate "2004.??.??"]
[EventType "tourn (corr)"]
[EventRounds "4"]
[SourceTitle "Corr 2008"]
[Source "ChessBase"]
[SourceDate "2008.06.24"]
[SourceVersion "1"]
[SourceVersionDate "2008.06.24"]
[SourceQuality "1"]

1. e4 Nc6 2. d4 e5 3. Nf3 exd4 4. Bc4 Nf6 5. Ng5 d5 6. exd5 Nxd5 7. Nxf7 Kxf7 8. Qf3+ Ke6 9. Qe4+ Ne5 10. Bf4 Bd6 11. Qxd5+ Kf6 12. Qf7+ Nxf7 13. Bd2 Re8+ 14. Be2 Qe7 15. Be3 dxe3 16. 0-0 exf2+ 17. Rxf2+ Kg5 18. Nc3 Bc5 19. Kf1 Bxf2 20. Kxf2 Qc5+ 21. Ke1 Qg1+ 0-1

[Event "IECG QN.2004.0.00306 email "]
[Site "IECG email"]
[Date "2004.01.10"]
[Round "?"]
[White "Philippy, Marco"]
[Black "Certoux, Christophe"]
[Result "0-1"]
[WhiteElo "800"]
[BlackElo "776"]
[PlyCount "50"]
[EventDate "2004.01.10"]
[EventType "tourn (corr)"]
[EventRounds "6"]
[SourceTitle "Corr 2008"]
[Source "ChessBase"]
[SourceDate "2008.06.24"]
[SourceVersion "1"]
[SourceVersionDate "2008.06.24"]
[SourceQuality "1"]

1. e4 Nf6 2. Nc3 e5 3. Nf3 Nc6 4. d4 exd4 5. Nxd4 Bb4 6. Bd2 Nxd4 7. a3 Bxc3 8. Bxc3 c5 9. Bd3 a6 10. 0-0 d6 11. Re1 0-0 12. e5 Nd5 13. Bxd4 cxd4 14. Qf3 Be6 15. Re4 Qb6 16. b4 Nc3 17. Rh4 g6 18. Qh3 Bxh3 19. Rxh3 dxe5 20. Re1 Nb5 21. Rxe5 Qf6 22. Rc5 Rfe8 23. f3 Nxa3 24. g4 Rac8 25. g5 Qe6 0-1

[Event "IECG QN.2000.0.00158"]
[Site "IECG email"]
[Date "2000.12.27"]
[Round "?"]
[White "Robertson, John"]
[Black "Certoux, Christophe"]
[Result "1/2-1/2"]
[WhiteElo "635"]
[BlackElo "800"]
[PlyCount "79"]
[EventDate "2000.12.27"]
[EventType "tourn (corr)"]
[EventRounds "6"]
[SourceTitle "Corr 2008"]
[Source "ChessBase"]
[SourceDate "2008.06.24"]
[SourceVersion "1"]
[SourceVersionDate "2008.06.24"]
[SourceQuality "1"]

1. Nf3 d5 2. d4 Nf6 3. Nc3 e6 4. Bg5 Nbd7 5. e4 h6 6. Bxf6 Nxf6 7. e5 Nd7 8. Bd3 c5 9. dxc5 Bxc5 10. 0-0 0-0 11. a3 f6 12. exf6 Nxf6 13. Ne5 Nd7 14. Nxd7 Bxd7 15. Qh5 Rc8 16. Rae1 Qf6 17. Nd1 Bd6 18. c3 b5 19. Ne3 Qf7 20. Qxf7+ Rxf7 21. Ng4 Rcf8 22. f3 Bc5+ 23. Kh1 Bd6 24. Ne5 Bxe5 25. Rxe5 g5 26. Kg1 a6 27. b4 Rc8 28. Rc1 Kg7 29. Kf2 Kf6 30. Ree1 e5 31. g4 Bc6 32. Bf5 Rcc7 33. Re3 Bd7 34. Bxd7 Rfxd7 35. Rd1 Rc4 36. Red3 d4 37. cxd4 Rcxd4 38. Ke3 Re7 39. R1d2 Rxd3+ 40. Rxd3 1/2-1/2